| 000 | 02251cam a2200397 i 4500 | ||
|---|---|---|---|
| 001 | 19235227 | ||
| 003 | NUST | ||
| 005 | 20220721093630.0 | ||
| 008 | 160818t20182018nyua 001 0 eng | ||
| 010 | _a 2016036095 | ||
| 020 | _a9780134439419 | ||
| 020 | _a0134439414 | ||
| 040 |
_aDLC _beng _cDLC _erda _dDLC |
||
| 042 | _apcc | ||
| 050 | 0 | 0 |
_aQA303.2 _b.F565 2018 |
| 082 | 0 | 0 |
_a515, HAS _223 |
| 100 | 1 | _aHass, Joel. | |
| 245 | 1 | 0 |
_aThomas' calculus : _bearly transcendentals : single variable : based on the original work by George B. Thomas, Jr., Massachusetts Institute of Technology. |
| 246 | 3 | 0 |
_aEarly transcendentals : _bsingle variable |
| 250 |
_aFourteenth edition / _bas revised by Joel Hass, University of California, Davis, Christopher Heil, Georgia Institute of Technology, Maurice D. Weir, Naval Postgraduate School. |
||
| 264 | 1 |
_aNew York, New York : _bPearson, _c[2018] |
|
| 264 | 4 | _c©2018 | |
| 300 |
_a1 volume (various pagings) : _billustrations (some color) ; _c28 cm |
||
| 336 |
_atext _btxt _2rdacontent |
||
| 337 |
_aunmediated _bn _2rdamedia |
||
| 338 |
_avolume _bnc _2rdacarrier |
||
| 505 | _aFunctions (Page-1), Limits and Continuity (Page-38), Derivative (Page-102), Applications of Derivatives (Page-183), Integration (Page-248), Applications of Definite Integrals (Page-314), Transcendental Functions (Page-370), Techniques of Integration (Page-447), First Order Defferential Equations (Page-526), Infinite Sequences and Series (Page-563), Parametric Equations and Polar Coordinates (Page-649), Vectors and the Geometry of Space (Page-700), Vector Valued Functions and Motion in space (Page-749), Partial Derivatives (Page-792), Multiple Integrals (Page-883), Integrals and Vector Fields (Page-955), Second order Differential Equations. (Online at www. pearsoned.co.in/georggebthomasjr) | ||
| 650 | 0 |
_aCalculus _vTextbooks. _94507 |
|
| 650 | 0 |
_aGeometry, Analytic _vTextbooks. _94508 |
|
| 650 | 0 |
_aTranscendental numbers _vTextbooks. _918019 |
|
| 700 | 1 |
_aHeil, Christopher, _d1960- _918020 |
|
| 700 | 1 |
_aWeir, Maurice D. _94506 |
|
| 906 |
_a7 _bcbc _corignew _d1 _eecip _f20 _gy-gencatlg |
||
| 942 |
_2ddc _cBK |
||
| 999 |
_c590432 _d590432 |
||